000 00676cam a2200193 a 4500
001 204528
005 20250220162001.0
008 990607r19991985ctua b 001 0 eng
020 _a0300079877 (pbk. : alk. paper)
050 0 0 _aBT198
_b.P44 1999
082 0 0 _a232.9/04
_221
100 1 _aPelikan, Jaroslav,
_d1923-2006.
245 1 0 _aJesus through the centuries :
_bHis place in the history of culture /
_cJaroslav Pelikan.
260 _aNew Haven, CT :
_bYale University Press,
_cc1999.
300 _axxi, 270 p. :
_bill. ;
_c21 cm.
500 _aOriginally published: c1985.
856 4 2 _3Book review (H-Net)
_uhttp://www.h-net.org/review/hrev-a0b5g9-aa
942 _2lcc
_cBK
_n0
999 _c3978
_d3978